Statistiques concernant Top 10 des plus petits pays d'Europe (population)

Cliquez ici pour prendre le quiz!

Statistiques générales

  • Ce quiz a été pris 226 fois
  • Le résultat moyen est 7 sur 10

Statistiques - réponses

PopulationPays% Correct
800Vatican
100%
33,000Saint-Marin
90%
37,000Liechtenstein
84%
37,000Monaco
78%
78,000Andorre
75%
425,000Malte
58%
570,000Luxembourg
56%
331,000Islande
46%
620,000Montenegro
35%
1,315,000Estonie
30%

Distribution des résultats

Percentile par nombre de réponses

% des personnes avec chaque résultat

Votre développement - résultats

Vous n’avez pas pris ce quiz